000 00743nam a2200205Ii 4500
003 JO-AjNU
008 230605s9999||||xx |||||||||||||| ||und||
017 _a2008/10/3647
040 _aJO-AjNU
_bara
_erda
_cJO-AjNU
041 _aara
050 1 4 _aDS117.B3488 2008
100 3 _aالبخيت، محمد عدنان,
_eauthor
_949520
245 0 0 _aدراسات في تاريخ بلاد الشام : (الاردن)
264 3 1 _aعمان: وزارة الثقافة، 2008
300 _a432ص
_bيشتمل على كشافات،صور توضيحية
336 _atext
_btxt
_2rdacontent
337 _aunmediated
_bn
_2rdamedia
338 _avolume
_bnc
_2rdacarrier
650 4 _aالاردن-تاريخ، بلاد الشام-تاريخ
_949521
999 _aA21755
_c25323
_d25323